00460 2200169 4500245006500000020002200065250002200087100002100109700002300130650001600153005001900169260004200188041001400230084001200244300002500256336000900281 aKamus Kanji b : Jepang - IndonesiacNeneng MaulyantihText a978-602-03-7947-0 aEd. Revisi Cet. 3 aNeneng Maulyanti aTilarama K. Putera aKamus Kanji a20230510111613 aJakartabGramedia Pustaka Utamac2017 aIndonesia a431.956 a531 hlm. :c18.5 cm. atext